| 000 | 00971nam a2200289Ii 4500 | ||
|---|---|---|---|
| 999 |
_c9325 _d9325 |
||
| 001 | 60340749 | ||
| 003 | OCoLC | ||
| 005 | 20241126110709.0 | ||
| 008 | 050511s2002 ilua b 000 0 eng d | ||
| 020 | _a0830853642 | ||
| 020 | _a9781844743704 | ||
| 040 |
_aDWT _beng _erda _cDWT _dBAKER |
||
| 082 |
_a220.6 _bROB |
||
| 092 | _a220.6 R647g | ||
| 092 |
_a220.6 _bR54g |
||
| 100 | 1 |
_aRoberts, Vaughan. _0http://id.loc.gov/authorities/names/nr2003022627 _916251 |
|
| 245 | 1 | 0 |
_aGod's big picture : _btracing the storyline of the Bible / _cVaughan Roberts. |
| 264 | 1 |
_aDowners Grove, Ill. : _bInterVarsity Press, _c[2002] |
|
| 264 | 4 | _c℗♭2002 | |
| 300 |
_a170 pages : _billustrations ; _c21 cm |
||
| 336 |
_atext _btxt _2rdacontent |
||
| 337 |
_aunmediated _bn _2rdamedia |
||
| 338 |
_avolume _bnc _2rdacarrier |
||
| 504 | _aIncludes bibliographical references. | ||
| 630 | 0 | 0 |
_aBible _xTheology. _0http://id.loc.gov/authorities/subjects/sh85013722 _9357 |
| 942 |
_2ddc _cBK _02 |
||